Trouve les paroles de Save The World de Jain - Statistiques

Statistiques générales
  • Ce quiz a été pris 5 fois
  • Le résultat moyen est 171 sur 221
Statistiques - réponses
Hint Réponse % Correct
. a
100%
.. be
100%
. | .. I
100%
. is
100%
. on
100%
. Save
100%
. | .. the
100%
. to
100%
. | .. want
100%
. What
100%
. | .. with
100%
. world
100%
. you
100%
. bad
80%
. ball
80%
.. blue
80%
. calling
80%
. Crazy
80%
. Do
80%
. do
80%
. Earth
80%
. it
80%
. Jupiter
80%
. Mars
80%
. of
80%
.. picks
80%
. problem
80%
. says
80%
.. seems
80%
. She
80%
. space
80%
. spinning
80%
. telephone
80%
. up
80%
. wakes
80%
. water
80%
. yeah
80%
. baby
60%
. | .. back
60%
. down
60%
. | .. get
60%
. Get
60%
. go
60%
. goes
60%
. groove
60%
. headlines
60%
. Keep
60%
. looking
60%
. Make
60%
. Money
60%
. moon
60%
. now
60%
. out
60%
. pow
60%
. really
60%
. round
60%
. safe
60%
. Shake
60%
. shake
60%
. sound
60%
. Stop
60%
. system
60%
. think
60%
. together
60%
. upside
60%
. You've
60%
. can
40%
. Human
40%
. in
40%
.. race
40%
. we
40%
. all
20%
. case
20%
. into
20%
. just
20%
. swirl
20%
. that
20%
. turned
20%
. yourself
20%
Aucun quiz correspondant
Distribution des résultats
% des personnes avec chaque résultat
Percentile par nombre de réponses
Votre historique - résultats
Vous n’avez pas pris ce quiz